| 000 | 00625nam a2200217Ia 4500 | ||
|---|---|---|---|
| 003 | IN-BaIIA | ||
| 008 | 211028s9999 xx 000 0 eng d | ||
| 040 | _cIIA Library | ||
| 080 |
_a52 _bGRE |
||
| 100 |
_aGregory, R. A. _912794 |
||
| 245 | 4 |
_aThe vault of heaven _cR. A. Gregory |
|
| 260 |
_aLondon _bMethuen |
||
| 300 | _aviii,188p. | ||
| 490 | _aUniversity Extension Series | ||
| 500 | _aDonated by Mrs. Bappu | ||
| 650 |
_aAstronomy _980 |
||
| 650 | _aAstronomy and Astrophysics Thesaurus | ||
| 650 |
_aAstrophysics _9794 |
||
| 650 |
_aTelescopes _91997 |
||
| 942 | _cBK | ||
| 999 |
_c7520 _d7520 |
||